Arte de proyectar en arquitectura / (Registro nro. 9740)
[ vista simple ]
| 000 -LEADER | |
|---|---|
| Campo de control de longitud fija | 01217nam a22003017a 4500 |
| 003 - IDENTIFICADOR DEL NÚMERO DE CONTROL | |
| Campo de control | PE SENCICO BE |
| 005 - FECHA Y HORA DE LA ÚLTIMA TRANSACCIÓN | |
| Campo de control | 20260223175412.0 |
| 008 - ELEMENTOS DE LONGITUD FIJA - INFORMACIÓN GENERAL | |
| Campo de control de longitud fija | 251111b |||||||| |||| 00| 0 eng d |
| 017 ## - NÚMERO DEL REGISTRO DE DERECHOS DE AUTOR O DEL DEPÓSITO LEGAL | |
| Fuente | B.9.279-2013 |
| 020 ## - ISBN | |
| ISBN | 978-84-252-2474-4 |
| 040 ## - FUENTE DE CATALOGACIÓN | |
| Origen de catalogación | PE SENCICO BE |
| Agencia que realiza la transcripción | PE SENCICO BE |
| 041 ## - CÓDIGO DE IDIOMA | |
| Idioma del texto | spa |
| 082 ## - NÚMERO DE CLASIFICACIÓN DECIMAL DEWEY | |
| Código de Clasificación Dewey | 720.28 |
| Notación Interna | N47 |
| Año de la edición | 2013 |
| 100 1# - ASIENTO PRINCIPAL--NOMBRE PERSONAL | |
| Autor Personal | Neufert, Ernst |
| 9 (RLIN) | 12 |
| Término relacionado | autor |
| 245 1# - MENCIÓN DEL TITULO | |
| Título | Arte de proyectar en arquitectura / |
| Mención de responsabilidad | Ernst Neufert |
| 250 ## - MENCIÓN DE EDICIÓN | |
| Edición | 16a ed. |
| 260 ## - PUBLICACIÓN, DISTRIBUCIÓN, ETC. (PIE DE IMPRENTA) | |
| Lugar de publicación, distribución, etc. | Barcelona : |
| Nombre de la Editorial, Distribuidor, etc. | Gustavo Gili ; |
| Fecha de publicación, distribución, etc. | 2013 |
| 300 ## - DESCRIPCIÓN FÍSICA | |
| Paginación | 568 páginas : |
| Otros detalles físicos | cuadros, tablas, planos ; |
| Dimensión | 30 cm. |
| 504 ## - NOTA DE BIBLIOGRAFÍA, ETC. | |
| Bibliografía (rango de páginas) | Bibliografía: p. 549 - 558 |
| 505 0# - NOTA DE CONTENIDO CON FORMATO PREESTABLECIDOE | |
| Contenido o índice | Proceso de diseño -- Elementos constructivos -- Ascensores -- Vivienda -- Hospedaje -- Administración oficinas -- Comercio -- Industria oficios -- Arquitectura religiosa |
| 520 3# - NOTA DE RESUMEN, ETC. | |
| Resumen, etc. | Reune de forma sistemática los fundamentos, las normas y las prescripciones sobre recintos, edificios, locales, estancias y utensilios con el ser humano como medida y objetivo. |
| 650 #0 - ASIENTO SECUNDARIO DE MATERIA - TERMINO TEMÁTICO | |
| Término de tema o elemento de entrada de nombre geográfico | Diseño arquitectónico |
| 9 (RLIN) | 316 |
| 650 20 - ASIENTO SECUNDARIO DE MATERIA - TERMINO TEMÁTICO | |
| Término de tema o elemento de entrada de nombre geográfico | Construcción |
| 9 (RLIN) | 339 |
| 650 20 - ASIENTO SECUNDARIO DE MATERIA - TERMINO TEMÁTICO | |
| Término de tema o elemento de entrada de nombre geográfico | Arquitectura |
| 9 (RLIN) | 343 |
| 650 20 - ASIENTO SECUNDARIO DE MATERIA - TERMINO TEMÁTICO | |
| Término de tema o elemento de entrada de nombre geográfico | Dibujo arquitectónico |
| 9 (RLIN) | 387 |
| 910 ## - RESPONSABLE DEL REGISTRO | |
| Coordinador de procesamiento de la información | hfp |
| 942 ## - ELEMENTOS DE KOHA | |
| Fuente de clasificación o esquema de estanterías | Dewey Decimal Classification |
| Tipo de documento | Libros |
| 999 ## - | |
| -- | 9740 |
| -- | 9740 |
| Estado Retiro | Estado Perdido | Sistema de Clasificación o Esquema de Estantería | Estado Dañado | No es para préstamo | Ubicación Permanente | Ubicación Actual | Fecha de adquisición | Total Checkouts | Signatura topográfica completa | Código de Barras | Date last seen | Precio efectivo desde | Tipo de ítem |
|---|---|---|---|---|---|---|---|---|---|---|---|---|---|
| Dewey Decimal Classification | Biblioteca Arequipa | Biblioteca Arequipa | 11/11/2025 | 720.28/N47/2013 | BibZareq25112538 | 11/11/2025 | 11/11/2025 | Libros | |||||
| Dewey Decimal Classification | Biblioteca Piura | Biblioteca Piura | 12/02/2026 | 720.28/N47/2013 | BibZpiur26022641 | 12/02/2026 | 12/02/2026 | Libros | |||||
| Dewey Decimal Classification | Biblioteca Piura | Biblioteca Piura | 12/02/2026 | 720.28/N47/2013/ej. 2 | BibZpiur26022642 | 12/02/2026 | 12/02/2026 | Libros | |||||
| Dewey Decimal Classification | Biblioteca Piura | Biblioteca Piura | 12/02/2026 | 720.28/N47/2013/ej. 3 | BibZpiur26022643 | 12/02/2026 | 12/02/2026 | Libros | |||||
| Dewey Decimal Classification | Biblioteca Piura | Biblioteca Piura | 12/02/2026 | 720.28/N47/2013/ej. 4 | BibZpiur26022644 | 12/02/2026 | 12/02/2026 | Libros | |||||
| Dewey Decimal Classification | Biblioteca Piura | Biblioteca Piura | 12/02/2026 | 720.28/N47/2013/ej. 5 | BibZpiur26022645 | 12/02/2026 | 12/02/2026 | Libros | |||||
| Dewey Decimal Classification | Biblioteca Piura | Biblioteca Piura | 12/02/2026 | 720.28/N47/2013/ej. 6 | BibZpiur26022646 | 12/02/2026 | 12/02/2026 | Libros | |||||
| Dewey Decimal Classification | Biblioteca Piura | Biblioteca Piura | 12/02/2026 | 720.28/N47/2013/ej. 7 | BibZpiur26022647 | 12/02/2026 | 12/02/2026 | Libros | |||||
| Dewey Decimal Classification | Biblioteca Piura | Biblioteca Piura | 12/02/2026 | 720.28/N47/2013/ej. 8 | BibZpiur26022648 | 12/02/2026 | 12/02/2026 | Libros |